<?xml version="1.0" encoding="UTF-8"?><OAI-PMH xmlns="http://www.openarchives.org/OAI/2.0/" xmlns:xsi="http://www.w3.org/2001/XMLSchema-instance"     xsi:schemaLocation="http://www.openarchives.org/OAI/2.0/ http://www.openarchives.org/OAI/2.0/OAI-PMH.xsd"><responseDate>2026-05-15T16:47:24Z</responseDate><request verb="GetRecord" identifier="oai:regmurcia.com:fintegr.1602" metadataPrefix="marc21">http://oai.regmurcia.com/oai2/oai2.php</request><GetRecord><record><header><identifier>oai:regmurcia.com:fintegr.1602</identifier><datestamp>2026-05-15</datestamp><setSpec>documentos</setSpec></header><metadata><record  xmlns="http://www.loc.gov/MARC21/slim" xmlns:xsi="http://www.w3.org/2001/XMLSchema-instance" xsi:schemaLocation="http://www.loc.gov/MARC21/slim http://www.loc.gov/standards/marcxml/schema/MARC21slim.xsd" type="Bibliographic"><leader>00000nam a2200000   4500</leader><controlfield tag="001" >005072349</controlfield><controlfield tag="003" >1602</controlfield><controlfield tag="004" >A00000000</controlfield><datafield tag="245" ind1=" " ind2=" "><subfield code="a">Expediente sobre la encarcelación de Alfonso de Soler.</subfield></datafield><datafield tag="300" ind1=" " ind2=" "><subfield code="c">224 x 156 mm.</subfield></datafield><datafield tag="300" ind1=" " ind2=" "><subfield code="a">4 fol.</subfield></datafield><datafield tag="351" ind1=" " ind2=" "><subfield code="a">Unidad Documental</subfield><subfield code="c">Archivo de Murcia. Array</subfield><subfield code="a">Unidad Documental</subfield><subfield code="c">Archivo de Murcia. Array</subfield></datafield><datafield tag="351" ind1=" " ind2=" "><subfield code="b">Nº 58</subfield></datafield><datafield tag="506" ind1=" " ind2=" "><subfield code="a">Acceso restringido</subfield></datafield><datafield tag="520" ind1=" " ind2=" "><subfield code="a">Testimonio de la presentación de una petición de Alfonso de Soler, vecino de Murcia, al concejo de Murcia, para que el corregidor Diego de Carvajal, pague las costas correspondientes a su encarcelamiento, que ascienden a 50.000 maravedís. El concejo responde que no tiene jurisdicción para atender a su petición y requiere al juez Pedro de Valencia para que arraigue y reciba las fianzas de Diego de Carvajal. (1484-3-6. Murcia)&lt;/br&gt;- Testimonio en el que el juez Pedro de Valencia responde al concejo que no puede atender su petición, que debe ser el propio Alfonso de Soler el que declare ante él los daños ocasionados por el corregidor y que una vez escuchadas sus argumentaciones resolverá basándose en las disposicones, leyes y fueros de los reinos de Castilla (1484-3-9. Murcia)</subfield></datafield><datafield tag="583" ind1=" " ind2=" "><subfield code="u">http://www.regmurcia.com/servlet/s.Sl?METHOD=VERDOCUMENTO&amp;sit=serv,Carmesi&amp;n=/01/1409/indice.djvu</subfield></datafield><datafield tag="592" ind1=" " ind2=" "><subfield code="a">1484</subfield></datafield><datafield tag="592" ind1=" " ind2=" "><subfield code="d">1484-12-31 00:00:00</subfield></datafield><datafield tag="651" ind1=" " ind2=" "><subfield code="a">Murcia</subfield></datafield><datafield tag="786" ind1=" " ind2=" "><subfield code="o">http://www.regmurcia.com/servlet/s.Sl?METHOD=VERDOCUMENTO&amp;sit=serv,Carmesi&amp;n=/01/1409/indice.djvu</subfield></datafield><datafield tag="856" ind1=" " ind2=" "><subfield code="u">http://www.regmurcia.com/servlet/s.Sl?METHOD=DETALLE&amp;sit=c,373,m,139,serv,Carmesi&amp;id=1602</subfield></datafield></record></metadata></record></GetRecord></OAI-PMH>
